000 00506nam a2200181Ia 4500
005 20250425160754.0
008 250425s9999 xx 000 0 und d
041 _aspa
082 _a667.6
100 _aWAMPLER, ROLLIN H.
245 0 _aACABADOS ORGANICOS MODERNOS: PINTURAS, BARNICES, LACAS Y SUS METODOS DE APLICACION A LOS PRODUCTOS INDUSTRIALES
250 _aS.E.
260 _aEspaƱa
_bAGUILAR, S.A. DE EDICIONES
_c1953
260 _aMADRID
300 _a446
942 _c01
010 _a4905
999 _c195852
_d195852